000 01000nem0a2200277 4500
001 RU\NLR\BIBL_A\022839759
005 20260628210011.0
035 _a(NLR Aleph) 022839759
090 _a13744883
_c13744883
100 _a20260622d1965 m||y0rusy5050 ca
101 0 _arus
102 _aRU
120 _abay xx||
123 1 _aa
_b600000
200 1 _aАрмянская ССР
_bКарты
_fСост. ф-кой №8 в 1965 г.
_gРед. С.Д. Штейнберг
206 _a1:600 000, 6 км в 1 см
210 _aМосква
_cГУГК
_d1965
215 _a1 к.
_cцв., указ.
_d72х66 см
509 0 1 _7ca
_aАрмянская ССР
_92635187
_3RU\NLR\auth_crt\552019
607 _aАрмянская ССР
_jКарты
_91014390
_3RU\NLR\AUTH\6669009
608 _aАдминистративные карты
_9901648
_3RU\NLR\AUTH\667834
702 1 _aШтейнберг
_bС.Д.
_4340
852 _aNLR
_bК
_j4-Кав 2/635
_m50019
_t50020
942 _cMAP
980 _aNB